Banking And Insurance (Record no. 96264)

MARC details
000 -LEADER
fixed length control field 00546nam a2200229Ia 4500
005 - DATE AND TIME OF LATEST TRANSACTION
control field 20230503085828.0
008 - FIXED-LENGTH DATA ELEMENTS--GENERAL INFORMATION
fixed length control field 230125s9999 xx 000 0 und d
020 ## - INTERNATIONAL STANDARD BOOK NUMBER
International Standard Book Number 9789350536001
041 ## - LANGUAGE CODE
Language code of text/sound track or separate title eng
082 ## - DEWEY DECIMAL CLASSIFICATION NUMBER
Classification number 332.1
Item number RAJ
100 ## - MAIN ENTRY--PERSONAL NAME
Author Rajput N
245 ## - TITLE STATEMENT
Title Banking And Insurance
250 ## - EDITION STATEMENT
Edition statement 1st Ed.
260 ## - PUBLICATION, DISTRIBUTION, ETC.
Date of publication, distribution, etc. 2017
Name of publisher, distributor, etc. Cyber tech publisher
Place of publication, distribution, etc. New Delhi
300 ## - PHYSICAL DESCRIPTION
Extent 264p
500 ## - GENERAL NOTE
Keywords Banking<br/>
650 ## - SUBJECT ADDED ENTRY--TOPICAL TERM
Topical term or geographic name entry element Banking
700 ## - ADDED ENTRY--PERSONAL NAME
Personal name Rajput N & Talan a
942 ## - ADDED ENTRY ELEMENTS (KOHA)
Koha item type Books
906 ## - LOCAL DATA ELEMENT F, LDF (RLIN)
b 420
Holdings
Withdrawn status Lost status Damaged status Not for loan Home library Current library Date acquired Vendor Net Price Bill number Full call number Barcode Date last seen Actual Price Bill Date Koha item type Original Barcode
      Reference Smt. Hiraben Nanavati Institute of Management & Research for Women Smt. Hiraben Nanavati Institute of Management & Research for Women 06/02/2020 Forward Books 1500.00 11188 332.1 RAJ B19594 HIMR-BK-19594 25/01/2023 1080.00 25/01/2023 Books B19594